| 000 | 00390nam a2200157Ia 4500 | ||
|---|---|---|---|
| 008 | 100122s9999 xx 000 0 und d | ||
| 082 |
_b76971 _aB823 |
||
| 100 | _aCOLFER EOIN | ||
| 245 | _aARTEMIS FOWL & THE TIME PARADOX | ||
| 250 | _a1 | ||
| 260 | _c2008 | ||
| 300 | _a369 | ||
| 630 | _aARTEMIS FOWL & THE TIME PARADOX | ||
| 730 | _aARTEMIS FOWL & THE TIME PARADOX | ||
| 942 | _cBOOK | ||
| 999 |
_c393880 _d393877 |
||